[Event "4NCL"]
[Site "Sunningdale ENG"]
[Date "2007.09.15"]
[Round "1"]
[White "Van der Linden,L"]
[Black "Tavoularis,N"]
[Result "1/2-1/2"]
[WhiteElo "2282"]
[BlackElo "2266"]

1.d4 d5 2.c4 c6 3.Nf3 Nf6 4.Nc3 e6 5.e3 Bd6 6.Bd3 Nbd7 7.O-O O-O 8.e4 dxe4
9.Nxe4 Nxe4 10.Bxe4 Nf6 11.Bc2 h6 12.Be3 Qc7 13.c5 Bf4 14.Qd2 Bxe3 15.Qxe3 b6
16.Rfe1 Ba6 17.Ne5 Rab8 18.Qa3 Bb5 19.Rad1 a5 20.Qc3 Ba6 21.Bb3 Nd5 22.cxb6 Nxc3
23.bxc7 Rxb3 24.axb3 Nxd1 25.Rxd1 Rc8 26.Nxc6 Rxc7 27.Nxa5 Rc2 28.h4 Rxb2
29.d5 exd5 30.Rxd5 Be2 31.Rd7 g6 32.Rb7 Kg7 33.b4 Kf6 34.Kh2 Bf1 35.Kg3 g5
36.hxg5+ Kxg5 37.Rxf7 Rxb4 38.Nc6 Rg4+ 39.Kh2 Rxg2+ 40.Kh1 Rg4 41.Ne5 Bg2+
42.Kh2 Re4 43.Rf8 Bf1 44.Kg3 h5 45.f4+ Kh6 46.Rh8+ Kg7 47.Rxh5 Rb4 48.Rg5+ Kf6
49.Ng4+ Kf7 50.Re5 Bd3 51.Ra5 Bb1 52.Ne5+ Kf6 53.Ng4+ Kf7 54.Ne3 Rb3 55.Re5 Bd3
56.Kg4 Be2+ 57.Kg5 Rb5 58.Rxb5 Bxb5 59.f5 Bd7 60.f6 Be6 61.Ng2 Bb3 62.Nf4 Bc4
63.Ng6 Bb3 64.Ne5+ Kf8 65.Kg6  1/2-1/2

[Event "TCh-FIN 2007-8"]
[Site "Finland FIN"]
[Date "2007.09.16"]
[Round "2"]
[White "Kanko,I"]
[Black "Penttinen,J"]
[Result "1/2-1/2"]
[WhiteElo "2220"]
[BlackElo "2315"]

1.d4 d5 2.c4 e6 3.Nc3 c6 4.e3 Nf6 5.Nf3 Bd6 6.Be2 O-O 7.O-O Nbd7 8.b3 Qe7
9.Bb2 b6 10.Qc2 Bb7 11.e4 dxe4 12.Nxe4 Ba3 13.Nxf6+ Nxf6 14.Bxa3 Qxa3 15.Rad1  1/2-1/2

[Event "3rd Geller mem Open A"]
[Site "Odessa UKR"]
[Date "2007.09.16"]
[Round "9"]
[White "Zubarev,Al1"]
[Black "Zubov,A UKR"]
[Result "1/2-1/2"]
[WhiteElo "2504"]
[BlackElo "2552"]

1.d4 d5 2.Nf3 Nf6 3.c4 c6 4.Nc3 e6 5.e3 Nbd7 6.Bd3 dxc4 7.Bxc4 b5 8.Bd3 Bb7
9.O-O a6 10.e4 b4 11.e5 bxc3 12.exf6 cxb2 13.fxg7 Bxg7 14.Bxb2 c5 15.Rb1 O-O
16.Ba3 Bxf3 17.Qxf3 Bxd4 18.Qh3 f5 19.Bc4 Rf6 20.Rb7 Nf8 21.Bc1 Qc8 22.Re7 Qd8
23.Rb7 Qc8 24.Qf3 Ng6 25.Rb6 Ne5 26.Bxe6+ Kh8 27.Qd5 Qf8 28.Bf4 Nd3 29.Bd6 Qe8
30.Bd7 Qe4 31.Qxa8+ Qxa8 32.Rb8+ Qxb8 33.Bxb8  1/2-1/2

[Event "3rd Geller mem Open A"]
[Site "Odessa UKR"]
[Date "2007.09.16"]
[Round "9"]
[White "Makarov,P"]
[Black "Romaniv,D"]
[Result "1/2-1/2"]
[WhiteElo "2157"]
[BlackElo "2123"]

1.d4 d5 2.c4 c6 3.e3 e6 4.Nf3 Nf6 5.Nc3 Nbd7 6.Qc2 g6 7.b3 Bg7 8.Be2 O-O
9.Bb2 Re8 10.Rd1 Qe7 11.O-O dxc4 12.bxc4 b6 13.e4 e5 14.Nxe5 Nxe5 15.dxe5 Ng4
16.h3 Nxe5 17.Kh1 Qh4 18.f4 Bxh3 19.gxh3 Qxh3+ 20.Kg1 Qg3+ 21.Kh1 Qh3+  1/2-1/2

[Event "17th ch-EU U18 Girls"]
[Site "Sibenik CRO"]
[Date "2007.09.17"]
[Round "4"]
[White "Ivakhinova,I"]
[Black "Novosadova,K"]
[Result "1-0"]
[WhiteElo "2251"]
[BlackElo "2014"]

1.d4 d5 2.c4 c6 3.Nc3 Nf6 4.e3 e6 5.Nf3 Nbd7 6.Qc2 Bd6 7.g4 Nxg4 8.Rg1 h5
9.h3 Nh6 10.Bd2 Qe7 11.e4 dxc4 12.Bxc4 b5 13.Be2 g6 14.Bg5 Qf8 15.O-O-O b4
16.Na4 Bb7 17.Bc4 c5 18.dxc5 Be7 19.Bb5  1-0

[Event "17th ch-EU U18 Boys"]
[Site "Sibenik CRO"]
[Date "2007.09.17"]
[Round "4"]
[White "Hayrapetian,O"]
[Black "Plenca,J"]
[Result "1-0"]
[WhiteElo "2336"]
[BlackElo "2204"]

1.d4 e6 2.c4 Nf6 3.Nf3 d5 4.Nc3 c6 5.e3 Nbd7 6.b3 Bb4 7.Bd2 O-O 8.Bd3 Bd6
9.Rc1 Re8 10.cxd5 exd5 11.Qc2 Qe7 12.O-O Ne4 13.b4 Ndf6 14.b5 Bg4 15.Be2 Nxc3
16.Bxc3 Ne4 17.bxc6 Rac8 18.Qb3 Rxc6 19.h3 Rec8 20.hxg4 Nxc3 21.Rxc3 Rxc3
22.Qxd5 Rc1 23.e4 Rxf1+ 24.Bxf1 Rd8 25.Qa5 b6 26.Qe1 Qe6 27.e5 Bb8 28.a4 Qxg4
29.Bc4 Re8 30.Qe3 h6 31.g3 Re7 32.Kg2 Kh8 33.Bd3 Qd7 34.Qe4 g6 35.Bb5 Qc7
36.Qh4 Kh7 37.Qf4 Qb7 38.Qf6 Re6 39.Qd8 Bxe5 40.dxe5 Rxe5 41.Qd3 Qe4 42.Qd7 Rf5
43.Bc6 Qe6 44.Qxe6 fxe6 45.Nd4 Rc5 46.Bb5 e5 47.Ne6 Rc3 48.g4 Kg8 49.Be8 Rc4
50.Kg3 a6 51.f3 g5 52.Kf2 e4 53.Ke3 exf3 54.Kxf3 Kh8 55.Bd7 Kh7 56.Ke3 Kg6
57.Nd4 Kf6 58.Kd3 Rb4 59.Kc3 Rb1 60.Bc8 b5 61.a5 Ra1 62.Nb3 Ra4 63.Bxa6 Rxg4
64.Bxb5 Re4 65.Nc5 Re1 66.a6 Ra1 67.Ba4 Rc1+ 68.Kd4  1-0

[Event "17th Senior WCh"]
[Site "Gmunden AUT"]
[Date "2007.09.18"]
[Round "2"]
[White "Siegmund,R"]
[Black "Shabanov,Y"]
[Result "0-1"]
[WhiteElo "2187"]
[BlackElo "2431"]

1.d4 d5 2.c4 c6 3.Nf3 Nf6 4.Nc3 e6 5.e3 Nbd7 6.Bd3 dxc4 7.Bxc4 b5 8.Bd3 Bd6
9.O-O Bb7 10.e4 e5 11.Bc2 O-O 12.Bg5 Re8 13.Re1 a6 14.h3 c5 15.dxc5 Bxc5
16.Qe2 h6 17.Be3 Qb6 18.Rad1 Rac8 19.Bxc5 Qxc5 20.Bb3 Nb6 21.a3 Nc4 22.Bxc4 Qxc4
23.Qe3 Qc5 24.Qxc5 Rxc5 25.Nd2 Rc7 26.Nb3 Nd7 27.Rd6 Re6 28.Red1 Bc8 29.f3 Kf8
30.Kf2 Rxd6 31.Rxd6 Ke7 32.Rd2 Nb6 33.Nd5+ Nxd5 34.Rxd5 Be6 35.Rc5 Rd7 36.Rc3 Bxb3
37.Rxb3 Rd2+ 38.Ke3 Rxg2 39.a4 bxa4 40.Rb6 g6 41.h4 Rh2 42.Rxa6 Rxh4 43.Rxa4 Rh2
44.Ra5 Kf6 45.Ra6+ Kg5 46.Ra5 f6 47.f4+ Kg4 48.fxe5 fxe5 49.Rxe5 h5 50.Rc5 Rxb2
51.Rc1 h4 52.Rg1+ Kh5 53.Kf3 g5 54.e5 g4+ 55.Kf4 Rf2+ 56.Ke3 g3 57.Rb1 Kg4
58.Rb4+ Kh3 59.Re4 Rf1  0-1

[Event "17th Senior WCh"]
[Site "Gmunden AUT"]
[Date "2007.09.18"]
[Round "2"]
[White "Uhlmann,W"]
[Black "Viner,P"]
[Result "1-0"]
[WhiteElo "2417"]
[BlackElo "2175"]

1.c4 e6 2.Nc3 d5 3.d4 Nf6 4.Nf3 c6 5.e3 Be7 6.Bd3 dxc4 7.Bxc4 b5 8.Bd3 b4
9.Ne4 Ba6 10.Nxf6+ Bxf6 11.a3 Bxd3 12.Qxd3 Qb6 13.axb4 Qxb4+ 14.Bd2 Qb5 15.Qc3 O-O
16.Ra5 Qb7 17.Qb4 Qc7 18.O-O Nd7 19.Rc1 Rfb8 20.Qc3 Rb6 21.Qc2 Qb7 22.Bc3 Rb5
23.Nd2 Nb6 24.Ra2 Rc8 25.Rca1 Rc7 26.Ba5 Rd7 27.Ne4 Be7 28.Nc3 Rh5 29.Bxb6 axb6
30.Ra8+ Rd8 31.R8a7 Qb8 32.g3 Bb4 33.Qe2 Ra5 34.R1xa5 Bxa5 35.Qa6 h6 36.Na2 Qd6
37.b4 Bxb4 38.Qxb6 Rb8 39.Qc7 Qf8 40.Qxc6 Bd6 41.Rd7 Be7 42.Nc3 Rc8 43.Rc7 Rxc7
44.Qxc7 Bd6 45.Qc6 Be7 46.e4 Bf6 47.e5 Bd8 48.d5 exd5 49.Nxd5 Kh7 50.Qd7 Kh8
51.h4 h5 52.e6 fxe6 53.Nf4 Qf6 54.Qe8+ Kh7 55.Qxh5+  1-0

[Event "17th ch-EU U16 Boys"]
[Site "Sibenik CRO"]
[Date "2007.09.18"]
[Round "5"]
[White "Sieciechowicz,M"]
[Black "Mammadov,A"]
[Result "1/2-1/2"]
[WhiteElo "2214"]
[BlackElo "2237"]

1.d4 d5 2.c4 e6 3.Nc3 c6 4.e3 Nf6 5.Nf3 Nbd7 6.Qc2 Bd6 7.Be2 O-O 8.O-O dxc4
9.Bxc4 b5 10.Be2 Bb7 11.e4 e5 12.dxe5 Nxe5 13.Bg5 Nxf3+ 14.Bxf3 Qe7 15.g3 a6
16.Bg2 Be5 17.Ne2 Qb4 18.Rab1 Rfe8 19.a3 Qf8 20.b4 c5 21.bxc5 Rac8 22.Rbc1 Bxe4
23.Bxe4 Nxe4 24.Qxe4 Bf6 25.Qg4 Bxg5 26.Qxg5 Rxe2 27.Rfd1 h6 28.Qd5 Re7 29.Rd3 Rec7
30.c6 Qe8 31.Rdc3 Qe6 32.Qc5 Qe4 33.Qb6 Qa4 34.Rd3 b4 35.Qxb4 Qxb4 36.axb4 Rxc6
37.Rxc6 Rxc6 38.Rd4 g6 39.Kf1 Re6 40.Kg2 Rf6 41.f4 h5 42.Kf3 Rb6 43.Ke3 Rb5
44.h4 Kg7 45.Rd6 a5 46.bxa5 Rxa5  1/2-1/2

[Event "6th ch-Asia"]
[Site "Cebu City PHI"]
[Date "2007.09.19"]
[Round "1"]
[White "Dao Thien Hai"]
[Black "Nadera,B"]
[Result "1/2-1/2"]
[WhiteElo "2537"]
[BlackElo "2402"]

1.d4 d5 2.c4 e6 3.Nc3 c6 4.e3 Nf6 5.Nf3 Nbd7 6.Qc2 b6 7.b3 Bb7 8.Bb2 Rc8
9.Bd3 Be7 10.O-O h6 11.Rad1 O-O 12.Qe2 Re8 13.Ne5 c5 14.f4 cxd4 15.exd4 Bb4
16.Nb1 dxc4 17.bxc4 Nf8 18.Nd2 Rc7 19.Ndf3 Qa8 20.a3 Bd6 21.Rde1 Rd8 22.Nh4 Re8
23.f5 Qd8 24.Rd1 Be7 25.fxe6 Nxe6 26.Nxf7 Nxd4 27.Qf2 Kxf7 28.Bg6+ Kg8 29.Bxd4 Rd7
30.Bxe8 Qxe8 31.Nf5 Ne4 32.Nxe7+ Rxe7 33.Qf4 Ng5 34.Rd2 Rf7 35.Qe5 Re7 36.Qf5 Rf7
37.Qd3 Rd7 38.Qe3 Qg6 39.Re2 Kh7 40.Bb2 Rd3 41.Qe7 Nh3+ 42.Kh1 Qxg2+ 43.Rxg2 Nf2+  1/2-1/2

[Event "6th ch-Asia"]
[Site "Cebu City PHI"]
[Date "2007.09.19"]
[Round "1"]
[White "Bayarmandah,B"]
[Black "Wang Rui"]
[Result "0-1"]
[WhiteElo "2208"]
[BlackElo "2482"]

1.d4 d5 2.c4 e6 3.Nc3 c6 4.e3 Nf6 5.Nf3 Nbd7 6.cxd5 exd5 7.Bd3 Bd6 8.O-O O-O
9.b3 Re8 10.Bb2 Nf8 11.h3 Ng6 12.Qc2 Qe7 13.Nd2 Bc7 14.Rac1 Bd7 15.f4 Nh4
16.e4 dxe4 17.Ncxe4 Ng6 18.f5 Nf4 19.d5 Nxe4 20.f6 Qc5+ 21.Qxc5 Nxc5 22.Bc2 Ncd3  0-1

[Event "6th ch-Asia"]
[Site "Cebu City PHI"]
[Date "2007.09.20"]
[Round "2"]
[White "Laylo,D"]
[Black "Sandipan,C"]
[Result "1-0"]
[WhiteElo "2486"]
[BlackElo "2563"]

1.c4 e6 2.Nc3 d5 3.d4 c6 4.e3 Nf6 5.Nf3 Nbd7 6.Qc2 Bd6 7.b3 O-O 8.Be2 b6
9.O-O Bb7 10.e4 Nxe4 11.Nxe4 dxe4 12.Qxe4 Qe7 13.Bd3 f5 14.Qe2 c5 15.Re1 Rae8
16.Bg5 Qf7 17.Ne5 Bxe5 18.dxe5 Nb8 19.f4 Nc6 20.Qf2 Ne7 21.Rad1 Rd8 22.Be2 Rxd1
23.Rxd1 Nc6 24.Rd6 Rc8 25.Bd1 Nd4 26.Qg3 Be4 27.h4 Kh8 28.h5 Bc2 29.Rxd4 cxd4
30.Bxc2 h6 31.Bh4 Qxh5 32.Be7 Re8 33.Bd6 g5 34.fxg5 hxg5 35.Qh3 Qxh3 36.gxh3 Kg7
37.b4 Rh8 38.Kg2 g4 39.hxg4 fxg4 40.c5 bxc5 41.bxc5 Rh3 42.Bd1 Ra3 43.c6 Rxa2+
44.Kg3 Ra1 45.c7 Rc1 46.Kxg4  1-0

[Event "6th ch-Asia"]
[Site "Cebu City PHI"]
[Date "2007.09.20"]
[Round "2"]
[White "Batchuluun,C"]
[Black "Paragua,M"]
[Result "1/2-1/2"]
[WhiteElo "2415"]
[BlackElo "2525"]

1.d4 d5 2.c4 c6 3.Nf3 Nf6 4.Nc3 e6 5.e3 Nbd7 6.Bd3 dxc4 7.Bxc4 b5 8.Bd3 Bb7
9.e4 b4 10.Na4 c5 11.e5 Nd5 12.O-O cxd4 13.Re1 Be7 14.Nxd4 O-O 15.Qg4 Re8
16.Qh3 g6 17.Bb5 Bf8 18.Bh6 a6 19.Bxd7 Qxd7 20.Bxf8 Nf4 21.Qh6 Rxf8 22.Qxf4 Qxa4
23.h4 Rfd8 24.Rad1 Rd5 25.h5 Rad8 26.Rd3 Qe8 27.Red1 Qe7 28.hxg6 fxg6 29.R3d2 a5
30.Ne2 Rf8 31.Qe3 Qc5 32.Qxc5 Rxc5 33.Rd7 Bc8 34.Ra7 Rxe5 35.Rc1 Rd8 36.Rcc7 Rd1+
37.Kh2 Bd7 38.Ng3 Red5 39.Ne4 Kf7 40.Nc5 Ke7 41.Rxa5 Rc1 42.Rb5 Rc4 43.Rxd7+ Rxd7
44.Nxd7 Kxd7 45.b3 Rc2 46.Rxb4 Rxa2 47.Kg3 Rb2 48.Rb7+ Kd6 49.Kf3 h5 50.g3 g5
51.Rb5 h4 52.g4 e5 53.Rb8 e4+ 54.Ke3 h3 55.Rh8 Ke5 56.Re8+ Kf6 57.Rh8 h2
58.Kxe4 Rxf2 59.Ke3 Rb2 60.Kf3 Rxb3+ 61.Kg2 Ke5 62.Rf8 Rg3+ 63.Kxh2 Rxg4
64.Re8+ Kf4 65.Rf8+ Ke4 66.Re8+ Kf3 67.Ra8 Rg2+ 68.Kh1 Re2 69.Kg1 Re3 70.Ra2 g4
71.Rf2+ Kg3 72.Rg2+ Kf4 73.Rf2+ Rf3 74.Kg2 Rxf2+ 75.Kxf2  1/2-1/2

[Event "17th ch-EU U18 Boys"]
[Site "Sibenik CRO"]
[Date "2007.09.20"]
[Round "7"]
[White "Krstic,P"]
[Black "Muheim,L"]
[Result "1-0"]
[WhiteElo "2327"]
[BlackElo "2210"]

1.d4 d5 2.c4 c6 3.Nc3 Nf6 4.e3 e6 5.Nf3 Nbd7 6.Bd3 dxc4 7.Bxc4 b5 8.Be2 b4
9.Na4 Bb7 10.Bd2 Bd6 11.Qb3 Qe7 12.a3 a5 13.axb4 axb4 14.O-O O-O 15.Ne5 Ra5
16.Nc4 Rg5 17.f4 Rg6 18.Bd3 Rh6 19.Nxd6 Qxd6 20.Qxb4 Qd5 21.Qxb7 Rxh2 22.Kxh2 Ng4+
23.Kg3 Ndf6 24.Nc3 Nh5+ 25.Kh3 Qd8 26.Kxg4 f5+ 27.Kf3 Qh4 28.Qxc6  1-0

[Event "17th ch-EU U16 Girls"]
[Site "Sibenik CRO"]
[Date "2007.09.20"]
[Round "7"]
[White "Barbageorgopoulou,D"]
[Black "Cacic,S"]
[Result "1-0"]
[WhiteElo "1715"]
[BlackElo "2244"]

1.d4 d5 2.c4 c6 3.Nf3 Nf6 4.e3 e6 5.Nc3 Nbd7 6.Bd3 Be7 7.e4 dxc4 8.Bxc4 b5
9.Bd3 Bb7 10.e5 Nd5 11.Nxd5 exd5 12.O-O O-O 13.Qc2 h6 14.Be3 a6 15.Qd2 Re8
16.h3 Nf8 17.Kh2 Bc8 18.Rh1 Be6 19.Kg1 Qd7 20.Qc2 Rec8 21.Rc1 Ra7 22.Kh2 Rac7
23.Qd2 Bf5 24.Be2 Ng6 25.Ne1 Nf8 26.Nd3 Ne6 27.a3 c5 28.dxc5 Nxc5 29.Nf4 Be6
30.Qa5 Ra8 31.b4 Nb3 32.Qxc7 Nxc1 33.Qxd7 Bxd7 34.Rxc1 Be6 35.Bf3 a5 36.Bxd5 Bxd5
37.Nxd5 Bf8 38.Rc7 axb4 39.axb4 Ra4 40.Rc8 g5 41.Bc5  1-0

[Event "17th ch-EU U18 Boys"]
[Site "Sibenik CRO"]
[Date "2007.09.20"]
[Round "7"]
[White "Vernay,C"]
[Black "Szabo,Krisz1"]
[Result "1-0"]
[WhiteElo "2381"]
[BlackElo "2482"]

1.d4 Nf6 2.c4 e6 3.Nf3 d5 4.Nc3 c6 5.e3 Nbd7 6.Qc2 Bd6 7.Be2 O-O 8.O-O dxc4
9.a4 Qc7 10.Bxc4 e5 11.h3 a6 12.Rd1 b6 13.e4 Rb8 14.Be3 b5 15.Bf1 Re8 16.Nd2 Bb7
17.Rac1 Rbc8 18.Qb1 Qb8 19.b4 Ba8 20.Nf3 g6 21.dxe5 Nxe5 22.Nd4 Ned7 23.Bd3 Nh5
24.Be2 Ndf6 25.Nf3 Bc7 26.Bf1 Re6 27.Ng5 Re7 28.Bc5 Re5 29.Nf3 Ree8 30.Qb3 Bf4
31.Ra1 Bb7 32.g3 Bxg3 33.fxg3 Qxg3+ 34.Bg2 Nf4 35.Qc2 Nxe4 36.Nxe4 Rxe4 37.Re1 Rce8
38.Rxe4 Rxe4 39.Rd1 Re8 40.Kf1 Bc8 41.Qf2 Qxf2+ 42.Bxf2 Be6 43.Nd4 Bc4+ 44.Kg1 Nxg2
45.Kxg2 bxa4 46.Ra1 Bb5 47.Rc1 Kg7 48.Kf3 h5 49.h4 Rd8 50.Nxb5 cxb5 51.Rc6 Ra8
52.Bd4+ Kf8 53.Bf6 Kg8 54.Ke4 Kh7 55.Rc7 Kg8 56.Kd4 Kf8 57.Kc5 Kg8 58.Kb6 Re8
59.Ka5 Ra8 60.Rc6 a3 61.Rc3 Re8 62.Rxa3 Re6 63.Rf3 Kf8 64.Bg5 f5 65.Rd3 Rc6
66.Rd7 Rc4 67.Rd6 Kg7 68.Rxa6 f4 69.Rf6  1-0

[Event "17th Senior WCh"]
[Site "Gmunden AUT"]
[Date "2007.09.21"]
[Round "5"]
[White "Gutkin,B ISR"]
[Black "Kempen,W"]
[Result "1-0"]
[WhiteElo "2256"]
[BlackElo "2200"]

1.Nf3 d5 2.d4 Nf6 3.c4 e6 4.Nc3 c6 5.e3 Bd6 6.Bd3 O-O 7.O-O Nbd7 8.e4 dxe4
9.Nxe4 Nxe4 10.Bxe4 h6 11.b3 f5 12.Bc2 e5 13.dxe5 Nxe5 14.Bb2 Nxf3+ 15.Qxf3 Qc7
16.h3 Be5 17.Bxe5 Qxe5 18.Rfe1 Qf6 19.Rad1 f4 20.Qe4 Bf5 21.Qxf5 Qxf5 22.Bxf5 Rxf5
23.Re7 Raf8  1-0

[Event "16th Monarch Assurance"]
[Site "Port Erin IOM"]
[Date "2007.09.22"]
[Round "1"]
[White "Golod,V"]
[Black "Collins,S IRL"]
[Result "1-0"]
[WhiteElo "2589"]
[BlackElo "2405"]

1.d4 d5 2.c4 c6 3.Nf3 Nf6 4.Nc3 e6 5.e3 Nbd7 6.Bd3 dxc4 7.Bxc4 b5 8.Bd3 Bb7
9.O-O a6 10.a4 b4 11.Nb1 c5 12.Nbd2 Be7 13.Qe2 Qc7 14.Re1 h6 15.Nc4 Be4 16.Bxe4 Nxe4
17.Nfe5 Nef6 18.e4 cxd4 19.Bf4 Nxe5 20.Bxe5 Qc5 21.Red1 Rd8 22.Rac1 O-O 23.Qd3 Ng4
24.Bg3 Qg5 25.h3 Nf6 26.Bc7 Rde8 27.Nd6 e5 28.Nxe8 Rxe8 29.Qxa6 Bf8 30.Qe2 Nh5
31.Qg4 Nf4 32.Qxg5 hxg5 33.Rc6 Ne6 34.Bxe5  1-0

[Event "16th Monarch Assurance"]
[Site "Port Erin IOM"]
[Date "2007.09.22"]
[Round "1"]
[White "Yakovich,Yur"]
[Black "Bradford,J"]
[Result "1-0"]
[WhiteElo "2597"]
[BlackElo "2406"]

1.d4 Nf6 2.Nf3 e6 3.c4 d5 4.Nc3 c6 5.e3 Nbd7 6.Bd3 dxc4 7.Bxc4 b5 8.Bd3 b4
9.Ne4 Bb7 10.Nxf6+ gxf6 11.e4 Bd6 12.O-O h5 13.Be3 c5 14.Bb5 Ke7 15.Bxd7 Qxd7
16.dxc5 Bc7 17.Qc2 Qc6 18.Nd2 Rhg8 19.f3 Rg7 20.Nb3 e5 21.a3 bxa3 22.Rxa3 a5
23.Nd2 Rag8 24.Rf2 h4 25.Nc4 Ba6 26.Nd6 Bxd6 27.cxd6+ Kd7 28.Rc3 Qb5 29.Rc7+ Ke6
30.Re7+ Kxd6 31.Qc7+  1-0

[Event "16th Monarch Assurance"]
[Site "Port Erin IOM"]
[Date "2007.09.23"]
[Round "2"]
[White "Cafolla,P"]
[Black "Van den Bersselaar,J"]
[Result "0-1"]
[WhiteElo "2034"]
[BlackElo "2183"]

1.d4 d5 2.c4 e6 3.Nc3 c6 4.e3 Nf6 5.Nf3 Nbd7 6.Qc2 Bd6 7.b3 a6 8.Bd3 e5 9.cxd5 cxd5
10.dxe5 Nxe5 11.Be2 O-O 12.h3 Be6 13.Nxe5 Bxe5 14.Bd3 Rc8 15.Bb2 Bxc3+ 16.Bxc3 d4
17.exd4 Nd5 18.Bc4 Nxc3 19.Qxc3 b5 20.d5 Bxd5 21.O-O-O bxc4  0-1

[Event "2nd ITT"]
[Site "Villa Martelli ARG"]
[Date "2007.09.23"]
[Round "2"]
[White "Guerrero,Alv"]
[Black "Goldwaser,C"]
[Result "1-0"]
[WhiteElo "2137"]
[BlackElo "2352"]

1.d4 d5 2.Nf3 Nf6 3.c4 c6 4.Nc3 e6 5.e3 Nbd7 6.Bd3 Bd6 7.O-O O-O 8.Re1 a6
9.e4 dxc4 10.Bxc4 e5 11.Bg5 Qe7 12.d5 c5 13.a4 h6 14.Bc1 Nh5 15.g3 Ndf6 16.Be2 Bh3
17.Nh4 Qd7 18.a5 Rae8 19.Na4 Nf4 20.gxf4 exf4 21.Nb6 Qe7 22.Ra3 f3 23.Rxf3 Bg4
24.Nf5 Bxf5 25.exf5 Ng4 26.Rh3 Qe4 27.f3 Qb4 28.fxg4 Re4 29.Qd2 Rxg4+ 30.Bxg4 Qxg4+
31.Qg2 Qb4 32.Bd2 Qxb2 33.Kh1  1-0

[Event "17th Senior WCh"]
[Site "Gmunden AUT"]
[Date "2007.09.24"]
[Round "7"]
[White "Chernikov,O1"]
[Black "Klovans,J"]
[Result "1/2-1/2"]
[WhiteElo "2405"]
[BlackElo "2446"]

1.d4 Nf6 2.c4 e6 3.Nf3 d5 4.Nc3 c6 5.e3 Nbd7 6.Qc2 a6 7.b3 Bd6 8.Be2 e5 9.dxe5 Nxe5
10.Nxe5 Bxe5 11.Bb2 dxc4 12.Bxc4 O-O 13.O-O Qe7  1/2-1/2

[Event "Highlands Open A"]
[Site "Zdar nad Sazavou CZE"]
[Date "2007.09.25"]
[Round "4"]
[White "Cifka,S"]
[Black "Olsarova,T"]
[Result "1-0"]
[WhiteElo "2410"]
[BlackElo "1983"]

1.d4 d5 2.c4 c6 3.Nc3 Nf6 4.e3 e6 5.Nf3 Nbd7 6.Qc2 Bd6 7.Bd3 O-O 8.O-O h6
9.b3 dxc4 10.Bxc4 e5 11.Bb2 exd4 12.Nxd4 Ne5 13.Be2 Qc7 14.Nf5 Bxf5 15.Qxf5 Rad8
16.h3 Qd7 17.Qc2 Qe7 18.Rad1 Rd7 19.Ne4 Nxe4 20.Qxe4 Ng6 21.Qxe7 Nxe7 22.Rd3 Rfd8
23.Rfd1 Nd5 24.Bg4 Re7 25.Bf3 Red7 26.g3  1-0

[Event "17th Senior WCh"]
[Site "Gmunden AUT"]
[Date "2007.09.26"]
[Round "9"]
[White "Pustina,Y"]
[Black "Klovans,J"]
[Result "1/2-1/2"]
[WhiteElo "2277"]
[BlackElo "2446"]

1.c4 e6 2.Nf3 d5 3.e3 Nf6 4.d4 c6 5.Nc3 Nbd7 6.Bd3 dxc4 7.Bxc4 b5 8.Bd3 a6
9.e4 c5 10.e5 cxd4 11.Nxb5 Ng4 12.Nbxd4 Ngxe5 13.Be4 Rb8 14.O-O Bc5 15.Nb3 Be7
16.Nxe5 Nxe5 17.Bf4 Qxd1 18.Rfxd1 Bf6 19.Rac1 O-O 20.Rc5 Rb5 21.Rxb5 axb5
22.Bxe5 Bxe5 23.Rd2 b4 24.g3 f5 25.Bc6 Kf7 26.a4 bxa3 27.bxa3 Ba6 28.Nc5 Rc8
29.Nxa6 Rxc6 30.Nb4 Rc3 31.Rd3 Rc1+ 32.Kg2 Ra1  1/2-1/2

[Event "6th ch-Asia"]
[Site "Cebu City PHI"]
[Date "2007.09.27"]
[Round "9"]
[White "Le Quang Liem"]
[Black "Neelotpal,D"]
[Result "1-0"]
[WhiteElo "2542"]
[BlackElo "2485"]

1.d4 d5 2.c4 c6 3.Nf3 Nf6 4.Nc3 e6 5.e3 Nbd7 6.Qc2 Bd6 7.g4 Nxg4 8.Rg1 Qf6
9.Rxg4 Qxf3 10.Rxg7 Nf6 11.h3 h6 12.Qe2 Qxe2+ 13.Bxe2 Kf8 14.Rg1 dxc4 15.e4 Bb4
16.f3 b5 17.Kf2 a6 18.Bf4 Bb7 19.Rac1 Nd7 20.b3 cxb3 21.axb3 Be7 22.Be3 Rc8
23.Rgd1 Nf6 24.e5 Nd7 25.f4 c5 26.d5 Bh4+ 27.Kf1 Rg8 28.Bg4 Ke7 29.dxe6 fxe6
30.Rd6 Rg6 31.Rcd1 Nf8 32.Rb6 Bh1 33.Rxa6 b4 34.Ra7+ Ke8 35.Nb5 Be7 36.Bh5 Bg2+
37.Kf2 Bd5 38.f5  1-0

[Event "6th ch-Asia"]
[Site "Cebu City PHI"]
[Date "2007.09.27"]
[Round "9"]
[White "Russell,MKA"]
[Black "Yueh Wei Po"]
[Result "1-0"]
[WhiteElo "2220"]
[BlackElo "2044"]

1.d4 d5 2.c4 c6 3.Nc3 Nf6 4.e3 e6 5.Nf3 Nbd7 6.Qc2 Bd6 7.g4 h6 8.Rg1 e5 9.cxd5 Nxd5
10.Ne4 Bb4+ 11.Bd2 Bxd2+ 12.Qxd2 Qe7 13.O-O-O g6 14.dxe5 Nxe5 15.Qd4 f6 16.Nxf6+ Qxf6
17.Qxe5+ Qxe5 18.Nxe5 g5 19.Bc4 Be6 20.Nd3 O-O-O 21.Nc5 Bg8 22.e4 Nf4 23.Rxd8+ Kxd8
24.Rd1+ Kc7 25.Rd7+ Kb6 26.b4  1-0

[Event "17th Senior WCh"]
[Site "Gmunden AUT"]
[Date "2007.09.27"]
[Round "10"]
[White "Altshul,R"]
[Black "Anguera Maestro,J"]
[Result "1-0"]
[WhiteElo "2330"]
[BlackElo "2218"]

1.d4 d5 2.c4 c6 3.Nc3 Nf6 4.Nf3 e6 5.e3 Be7 6.Bd3 dxc4 7.Bxc4 b5 8.Bd3 a6
9.O-O Nbd7 10.e4 Bb7 11.e5 Nd5 12.Nxd5 exd5 13.Be3 Nb6 14.Qc2 Qc7 15.Nd2 O-O-O
16.b3 Kb8 17.a4 b4 18.f4 a5 19.Nf3 g6 20.Rac1 Nc8 21.f5 Ka8 22.f6 Bf8 23.Qd2 h6
24.Rc2 Na7 25.Rfc1 Qd7 26.Bf4 Qe6 27.h3 Rc8 28.Bg3 Rc7 29.Be2 Qe8 30.e6 Rc8
31.e7 Bxe7 32.fxe7 Qxe7 33.Rc5 Rce8 34.Bf1 Qe3+ 35.Qxe3 Rxe3 36.Rb1 Bc8 37.Bf2 Bf5
38.Bxe3 Bxb1 39.Nd2 Bf5 40.Rxa5 Kb7 41.Rc5 g5 42.Nf3 f6 43.Bd2 Re8 44.Kf2 Nc8
45.Bxb4 Nd6 46.Rc1  1-0

[Event "16th Monarch Assurance"]
[Site "Port Erin IOM"]
[Date "2007.09.27"]
[Round "6"]
[White "Bradford,J"]
[Black "Svetushkin,D"]
[Result "1-0"]
[WhiteElo "2406"]
[BlackElo "2618"]

1.Nf3 d5 2.d4 Nf6 3.c4 c6 4.Nc3 e6 5.e3 a6 6.Bd3 dxc4 7.Bxc4 b5 8.Bd3 c5
9.O-O Bb7 10.Qe2 Nbd7 11.Rd1 Qb8 12.h3 Bd6 13.b3 O-O 14.Bb2 Re8 15.Rac1 e5
16.dxc5 Nxc5 17.Bc2 e4 18.Ne1 Bh2+ 19.Kh1 Be5 20.b4 Ncd7 21.Bb3 Nb6 22.Nc2 Rd8
23.a4 bxa4 24.Rxd8+ Qxd8 25.Nxa4 Bxb2 26.Nxb2 Qc7 27.Qd2 Rc8 28.Na4 Nbd7
29.Rd1 h5 30.Qd6 Qxd6 31.Rxd6 Rc7 32.Kg1 Kf8 33.Rd1 g6 34.Rb1 Ne8 35.Nd4 Nd6
36.Bd1 Nb5 37.Be2 Nxd4 38.exd4 Nf6 39.Nc5 Nd5 40.Bc4 Nc3 41.Ra1 Bc8 42.Ra3 Nb1
43.Re3 Nd2 44.Ba2 Bf5 45.Re2 e3 46.Rxe3 Ra7 47.f3 Ra8 48.Re2 Nb1 49.Bxb1 Bxb1
50.g4 hxg4 51.hxg4 g5 52.Kf2 Kg7 53.d5 Rd8 54.Rd2 Rd6 55.Ke3 f6 56.Kd4 Rb6
57.Kc4 Rd6 58.Ne4 Rd8 59.Kc5 Bc2 60.Kb6 Ba4 61.Nc5 Rb8+ 62.Kc7 Rxb4 63.Nxa4 Rxa4
64.d6 Rc4+ 65.Kb7  1-0

[Event "Highlands Open A"]
[Site "Zdar nad Sazavou CZE"]
[Date "2007.09.27"]
[Round "6"]
[White "Bujnoch,R"]
[Black "Biolek,R1"]
[Result "0-1"]
[WhiteElo "2226"]
[BlackElo "2250"]

1.d4 d5 2.c4 c6 3.Nc3 Nf6 4.Nf3 e6 5.e3 Nbd7 6.Qc2 Be7 7.b3 b6 8.Bd3 Bb7
9.O-O c5 10.cxd5 exd5 11.Bb2 O-O 12.Rad1 Qc7 13.Bf5 Rfd8 14.Ne5 g6 15.Nb5 Qb8
16.Nxd7 Nxd7 17.Bd3 a6 18.Nc3 cxd4 19.exd4 Nf8 20.f4 f5 21.Rf3 Qd6 22.Nb1 b5
23.Qf2 Bf6 24.Nd2 Ne6 25.Bb1 b4 26.g3 a5 27.Rd3 Ba6 28.Nf3 Bxd3 29.Rxd3 Rac8
30.Ne5 Bxe5 31.fxe5 Qe7 32.h4 Rc6 33.Rd1 Rdc8 34.Kh2 Qa7 35.g4 fxg4 36.Rg1 Qf7
37.Qxf7+ Kxf7 38.Rxg4 Ke7 39.Rg1 Nf4 40.Rf1 Rc2+ 41.Bxc2 Rxc2+ 42.Kh1 Nd3
43.Ba1 Rxa2 44.Kg1 Re2 45.Rd1 Re1+ 46.Rxe1 Nxe1  0-1

[Event "WCh"]
[Site "Mexico City MEX"]
[Date "2007.09.28"]
[Round "13"]
[White "Gelfand,B"]
[Black "Kramnik,V"]
[Result "1/2-1/2"]
[WhiteElo "2733"]
[BlackElo "2769"]

1.d4 d5 2.c4 c6 3.Nc3 Nf6 4.e3 e6 5.Nf3 Nbd7 6.Bd3 dxc4 7.Bxc4 b5 8.Bd3 Bb7
9.a3 b4 10.Ne4 Nxe4 11.Bxe4 bxa3 12.O-O Nf6 13.Bd3 axb2 14.Bxb2 a5 15.Qa4 Bb4
16.Ba3 Nd5 17.e4 Nb6 18.Qb3 Qe7 19.Rab1 Bxa3 20.Qxb6 Bb4 21.Ne1 O-O 22.Nc2 Rfd8
23.Nxb4 axb4 24.Qxb4 Qxb4 25.Rxb4 Ba6 26.Bxa6  1/2-1/2

[Event "Highlands Open A"]
[Site "Zdar nad Sazavou CZE"]
[Date "2007.09.28"]
[Round "7"]
[White "Balhar,J"]
[Black "Jedlicka,A"]
[Result "0-1"]
[WhiteElo "2226"]
[BlackElo "2265"]

1.d4 d5 2.c4 c6 3.Nf3 e6 4.e3 Nf6 5.Nc3 Nbd7 6.Qc2 Bd6 7.b3 O-O 8.Be2 dxc4
9.bxc4 e5 10.O-O Re8 11.Rd1 Qe7 12.a4 e4 13.Nd2 Nf8 14.c5 Bb8 15.Ba3 Ng6
16.Nf1 Nh4 17.Ng3 Qe6 18.Bf1 h5 19.Qa2 Qg4 20.Rab1 Nxg2 21.Bxg2 h4 22.Qd2 hxg3
23.fxg3 Qg5 24.Rf1 Ng4 25.Nxe4 Qxe3+ 26.Qxe3 Nxe3 27.Rfe1 Nd5 28.Ng5 Rd8
29.Bxd5 cxd5 30.Re7 f6 31.Ne6 Bxe6 32.Rxe6 Kf7 33.Rbe1 Be5 34.R1xe5 fxe5
35.Rxe5 Rac8 36.Bc1 Rc6 37.Bd2 Re6 38.Rf5+ Rf6 39.Re5 Rd7 40.Kg2 b6 41.cxb6 Rxb6
42.Kf3 Rb2 43.Ke3 Rb3+ 44.Kf2 Rd3  0-1

[Event "GM"]
[Site "Corfu GRE"]
[Date "2007.10.02"]
[Round "2"]
[White "Savchenko,S"]
[Black "Kapnisis,S"]
[Result "1/2-1/2"]
[WhiteElo "2604"]
[BlackElo "2411"]

1.d4 d5 2.Nf3 Nf6 3.c4 e6 4.Nc3 c6 5.e3 Nbd7 6.Qc2 Bd6 7.e4 dxe4 8.Nxe4 Nxe4
9.Qxe4 c5 10.Bg5 Be7 11.Bxe7 Qa5+ 12.Ke2 Kxe7 13.g3 cxd4 14.Bg2 Qb6 15.Qxd4 Qxd4
16.Nxd4 a5 17.b3 Nc5 18.f4 Rd8 19.Rhd1 Ra6 20.Rd2 Rad6 21.Rad1 f6 22.Nb5  1/2-1/2